Normal view
MARC view
Entry Personal Name
001 - CONTROL NUMBER
- control field: 38335
003 - CONTROL NUMBER IDENTIFIER
- control field: ARRUPE
005 - DATE AND TIME OF LATEST TRANSACTION
- control field: 20180110150651.0
008 - FIXED-LENGTH DATA ELEMENTS
- fixed length control field: 180110|| aca||aabn | a|a d
040 ## - CATALOGING SOURCE
- Original cataloging agency: ARRUPE
- Transcribing agency: ARRUPE
100 ## - HEADING--PERSONAL NAME
- Personal name: Booth, Newell S.
- Fuller form of name: (Newell Snow),
- Dates associated with a name: 1927-
670 ## - SOURCE DATA FOUND
- Source citation: Work cat.: (ARRUPE)0: African religions :, c1977.